[Event "Chess Festival 2008 - IM Tespo Engineer"]
[Site "Brno CZE"]
[Date "2008.06.27"]
[Round "1.1"]
[White "Bolt, Graham"]
[Black "Popchev, Milko"]
[Result "0-1"]
[WhiteElo "2118"]
[BlackElo "2426"]
[PlyCount "106"]
[EventDate "2008.06.27"]
[EventType "tourn"]
[EventRounds "11"]
[EventCountry "CZE"]
[EventCategory "2"]
[Source "lmi"]
[SourceDate "2008.06.27"]

1. e4 c5 2. Nf3 a6 3. d4 cxd4 4. Nxd4 Nf6 5. Bd3 e5 6. Nf3 d5 7. Qe2 dxe4 8.
Bxe4 Nxe4 9. Qxe4 Nc6 10. O-O f5 11. Qc4 e4 12. Ng5 Ne5 13. Qb3 h6 14. Ne6 Qe7
15. Nxf8 Rxf8 16. Nc3 Be6 17. Nd5 Bxd5 18. Qxd5 Rc8 19. Bf4 Rc5 20. Qd1 Rf6 21.
Bxe5 Qxe5 22. Qh5+ Ke7 23. c3 f4 24. Qxe5+ Rxe5 25. Rfe1 Rd6 26. Rad1 g5 27.
Kf1 a5 28. Rxd6 Kxd6 29. Rd1+ Kc5 30. Rd4 b5 31. a3 a4 32. Ke2 e3 33. fxe3
Rxe3+ 34. Kf2 Re5 35. h3 Rd5 36. Rb4 Rd2+ 37. Kf1 Rc2 38. Kg1 h5 39. Kf1 Rd2
40. Kg1 g4 41. hxg4 hxg4 42. Kf1 g3 43. b3 Rf2+ 44. Kg1 Ra2 45. Kf1 Rxa3 46.
bxa4 Rxa4 47. Rb3 Kc4 48. Rb2 Kd3 49. Rb1 Ra3 50. Ke1 Ra2 51. Kf1 Rf2+ 52. Kg1
Rc2 53. Kf1 Kd2 0-1

[Event "Chess Festival 2008 - IM Tespo Engineer"]
[Site "Brno CZE"]
[Date "2008.06.27"]
[Round "1.2"]
[White "Bartos, Jan"]
[Black "Vymazal, Bronislav"]
[Result "0-1"]
[WhiteElo "2192"]
[BlackElo "2312"]
[PlyCount "66"]
[EventDate "2008.06.27"]
[EventType "tourn"]
[EventRounds "11"]
[EventCountry "CZE"]
[EventCategory "2"]
[Source "lmi"]
[SourceDate "2008.06.27"]

1. d4 Nf6 2. Nf3 e6 3. e3 c5 4. Bd3 b6 5. O-O Bb7 6. c4 g6 7. Nc3 Bg7 8. d5
exd5 9. cxd5 O-O 10. e4 d6 11. h3 Re8 12. Re1 a6 13. a4 Nbd7 14. Bf4 Qc7 15.
Rc1 Nh5 16. Be3 Ne5 17. Be2 Nxf3+ 18. Bxf3 Nf6 19. Qd2 Rab8 20. Bf4 Nd7 21. b4
Ne5 22. Be2 Qd8 23. bxc5 bxc5 24. Nb1 Bc8 25. Qa2 Rb4 26. Nc3 f5 27. f3 Qh4 28.
Be3 Nxf3+ 29. Bxf3 Bxc3 30. Rf1 Be5 31. Bf2 Qf4 32. Be1 Qh2+ 33. Kf2 Rb2+ 0-1

[Event "Chess Festival 2008 - IM Tespo Engineer"]
[Site "Brno CZE"]
[Date "2008.06.27"]
[Round "1.3"]
[White "Luch, Michal"]
[Black "Ponizil, Cyril"]
[Result "1/2-1/2"]
[WhiteElo "2383"]
[BlackElo "2304"]
[PlyCount "39"]
[EventDate "2008.06.27"]
[EventType "tourn"]
[EventRounds "11"]
[EventCountry "CZE"]
[EventCategory "2"]
[Source "lmi"]
[SourceDate "2008.06.27"]

1. d4 Nf6 2. c4 g6 3. g3 Bg7 4. Bg2 O-O 5. Nc3 d6 6. Nf3 Nc6 7. O-O a6 8. Nd5
Bg4 9. Ne3 Bxf3 10. Bxf3 Nd7 11. Nc2 e5 12. e3 Qf6 13. d5 Na5 14. Be2 c5 15.
Qe1 b6 16. e4 Qe7 17. Bd2 Nb7 18. f3 Rae8 19. Bd3 f5 20. Qe2 1/2-1/2

[Event "Chess Festival 2008 - IM Tespo Engineer"]
[Site "Brno CZE"]
[Date "2008.06.27"]
[Round "1.4"]
[White "Rutkowski, Maciej"]
[Black "Kuchynka, Lukas"]
[Result "1/2-1/2"]
[WhiteElo "2402"]
[BlackElo "2163"]
[PlyCount "57"]
[EventDate "2008.06.27"]
[EventType "tourn"]
[EventRounds "11"]
[EventCountry "CZE"]
[EventCategory "2"]
[Source "lmi"]
[SourceDate "2008.06.27"]

1. e4 c5 2. Nf3 Nc6 3. d4 cxd4 4. Nxd4 e5 5. Nb5 d6 6. N1c3 a6 7. Na3 Be7 8.
Nc4 b5 9. Ne3 Nf6 10. g3 O-O 11. Bg2 b4 12. Ncd5 Nxd5 13. Nxd5 Bg5 14. Bxg5
Qxg5 15. O-O Rb8 16. Qd3 Qd8 17. Rfd1 Qa5 18. a3 Qc5 19. axb4 Nxb4 20. Nxb4
Rxb4 21. Qa3 Qb6 22. b3 Bb7 23. Qa5 Rc8 24. Rd2 g6 25. Qxb6 Rxb6 26. Ra4 Kf8
27. Bf1 Rc5 28. Bd3 a5 29. f3 1/2-1/2

[Event "Chess Festival 2008 - IM Tespo Engineer"]
[Site "Brno CZE"]
[Date "2008.06.27"]
[Round "1.5"]
[White "Krejci, Jan"]
[Black "Kulovana, Eva"]
[Result "1-0"]
[WhiteElo "2354"]
[BlackElo "2315"]
[PlyCount "137"]
[EventDate "2008.06.27"]
[EventType "tourn"]
[EventRounds "11"]
[EventCountry "CZE"]
[EventCategory "2"]
[Source "lmi"]
[SourceDate "2008.06.27"]

1. e4 e5 2. Nf3 Nf6 3. Nxe5 d6 4. Nf3 Nxe4 5. Nc3 Nxc3 6. dxc3 Be7 7. Bf4 Nc6
8. Qd2 Be6 9. O-O-O Qd7 10. Bb5 a6 11. Bd3 h6 12. Kb1 O-O-O 13. Rhe1 Bf6 14. h3
Bf5 15. Bc4 Rhe8 16. g4 Be4 17. Nh2 g5 18. Bg3 Bg6 19. Nf1 h5 20. Ne3 Be5 21.
Bxe5 Nxe5 22. Qd4 Kb8 23. Bd5 hxg4 24. hxg4 Rh8 25. Bh1 Rh4 26. c4 Qc8 27. Rg1
Re8 28. b3 f5 29. c5 dxc5 30. Qxc5 Nxg4 31. Nxg4 Rxg4 32. Rxg4 fxg4 33. Qxg5
Bf5 34. Kb2 c6 35. Rd4 Qe6 36. Rd8+ Rxd8 37. Qxd8+ Ka7 38. Qd4+ Ka8 39. a4 Qe2
40. Qc5 Qe6 41. Bg2 Be4 42. Bxe4 Qxe4 43. Qd6 Qf5 44. Qg3 Qf6+ 45. c3 Qf5 46.
c4 Qe6 47. Kc3 Qe4 48. Kd2 Qd4+ 49. Ke2 Qe4+ 50. Qe3 Qg2 51. Kd3 Qg1 52. Ke4
Qh1+ 53. Kf4 Qd1 54. Kg5 Kb8 55. c5 a5 56. Qg3+ Ka7 57. Qc3 Ka6 58. Kf4 Qg1 59.
Qd4 Qg2 60. Qe3 Qg1 61. Ke4 Qg2+ 62. Kf5 Qg1 63. Qe2+ Ka7 64. Qd2 Ka6 65. Ke6
Qg2 66. Kd6 Qf3 67. Kc7 Qxb3 68. Qe2+ Ka7 69. Qe8 1-0

[Event "Chess Festival 2008 - IM Tespo Engineer"]
[Site "Brno CZE"]
[Date "2008.06.27"]
[Round "1.6"]
[White "Daulyte, Deimante"]
[Black "Roubalik, Jakub"]
[Result "1-0"]
[WhiteElo "2249"]
[BlackElo "2175"]
[PlyCount "61"]
[EventDate "2008.06.27"]
[EventType "tourn"]
[EventRounds "11"]
[EventCountry "CZE"]
[EventCategory "2"]
[Source "lmi"]
[SourceDate "2008.06.27"]

1. e4 c5 2. Nf3 d6 3. d4 cxd4 4. Nxd4 Nf6 5. Nc3 a6 6. Bg5 e6 7. f4 Nbd7 8. Qf3
Qc7 9. O-O-O b5 10. Bd3 Bb7 11. Rhe1 Be7 12. Qg3 b4 13. Nd5 exd5 14. exd5 Kd8
15. Qe3 Nb6 16. Nc6+ Bxc6 17. dxc6 h6 18. Bh4 Nfd5 19. Qg3 Bxh4 20. Qxh4+ Nf6
21. g4 Kc8 22. g5 Nfd5 23. gxh6 Kb8 24. Be4 Nf6 25. Qg5 Nxe4 26. hxg7 Nxg5 27.
gxh8=Q+ Ka7 28. Qf6 Ne6 29. f5 Qd8 30. Qxd8 Nxd8 31. Re7+ 1-0

[Event "Chess Festival 2008 - IM Tespo Engineer"]
[Site "Brno CZE"]
[Date "2008.06.28"]
[Round "2.1"]
[White "Popchev, Milko"]
[Black "Roubalik, Jakub"]
[Result "1-0"]
[WhiteElo "2426"]
[BlackElo "2175"]
[PlyCount "85"]
[EventDate "2008.06.27"]
[EventType "tourn"]
[EventRounds "11"]
[EventCountry "CZE"]
[EventCategory "2"]
[Source "lmi"]
[SourceDate "2008.06.27"]

1. d4 d5 2. Nf3 Nf6 3. e3 c6 4. Be2 Bf5 5. O-O e6 6. b3 Bd6 7. Bb2 h6 8. Ne5
Nfd7 9. Nd2 Nxe5 10. dxe5 Bc5 11. Bf3 O-O 12. e4 dxe4 13. Nxe4 Bxe4 14. Bxe4
Qe7 15. a3 Rd8 16. Qg4 Qg5 17. Qxg5 hxg5 18. Rad1 Na6 19. g3 Nc7 20. Kg2 Kf8
21. c4 Ke8 22. Bc1 Be7 23. Kf3 f5 24. exf6 gxf6 25. Bg6+ Kf8 26. h4 Kg7 27. Bc2
Rxd1 28. Rxd1 Rd8 29. Rxd8 Bxd8 30. hxg5 fxg5 31. Kg4 Kh6 32. Be3 b6 33. Be4 c5
34. f4 gxf4 35. Bxf4+ Kg7 36. Be5+ Kf7 37. Kh5 Ne8 38. Bg6+ Kf8 39. Bxe8 Kxe8
40. Kg6 Kf8 41. g4 Kg8 42. Bd6 a6 43. a4 1-0

[Event "Chess Festival 2008 - IM Tespo Engineer"]
[Site "Brno CZE"]
[Date "2008.06.28"]
[Round "2.2"]
[White "Kulovana, Eva"]
[Black "Daulyte, Deimante"]
[Result "1-0"]
[WhiteElo "2315"]
[BlackElo "2249"]
[PlyCount "69"]
[EventDate "2008.06.27"]
[EventType "tourn"]
[EventRounds "11"]
[EventCountry "CZE"]
[EventCategory "2"]
[Source "lmi"]
[SourceDate "2008.06.27"]

1. e4 e5 2. Nf3 Nc6 3. Bb5 a6 4. Ba4 Nf6 5. O-O Be7 6. Bxc6 dxc6 7. d3 Nd7 8.
Nbd2 O-O 9. Nc4 f6 10. Nh4 Nc5 11. Nf5 Bxf5 12. exf5 b5 13. Na5 Qd5 14. Qf3 Bd6
15. a3 Qxf3 16. gxf3 g6 17. b4 Na4 18. fxg6 hxg6 19. Nxc6 Kf7 20. c4 Rh8 21. c5
Bf8 22. f4 Ke6 23. fxe5 Kd5 24. Na5 fxe5 25. Be3 Nb2 26. Ra2 Nxd3 27. f3 Ke6
28. Rd2 Nf4 29. Bxf4 exf4 30. Re1+ Kf6 31. Rd7 Rc8 32. Nc6 Rh5 33. Nd8 a5 34.
Rf7+ Kg5 35. Rxf8 1-0

[Event "Chess Festival 2008 - IM Tespo Engineer"]
[Site "Brno CZE"]
[Date "2008.06.28"]
[Round "2.3"]
[White "Kuchynka, Lukas"]
[Black "Krejci, Jan"]
[Result "1/2-1/2"]
[WhiteElo "2163"]
[BlackElo "2354"]
[PlyCount "68"]
[EventDate "2008.06.27"]
[EventType "tourn"]
[EventRounds "11"]
[EventCountry "CZE"]
[EventCategory "2"]
[Source "lmi"]
[SourceDate "2008.06.27"]

1. e4 e5 2. Nf3 Nc6 3. Bb5 a6 4. Ba4 Nf6 5. O-O Be7 6. Re1 b5 7. Bb3 d6 8. c3
O-O 9. d4 Bg4 10. Be3 Bh5 11. Nbd2 Na5 12. h3 Nxb3 13. Qxb3 Nd7 14. a4 c6 15.
Ra2 Qc7 16. Rea1 exd4 17. cxd4 Qb7 18. d5 cxd5 19. exd5 b4 20. Nd4 Nc5 21. Qc4
Bg6 22. Nc6 Nd3 23. Nf3 Bf6 24. Nfd4 a5 25. Rd1 Ne5 26. Qb5 Qc7 27. Raa1 Nxc6
28. dxc6 Be4 29. Rac1 Rac8 30. Qa6 Bxd4 31. Bxd4 Bxc6 32. Bb6 Qd7 33. Bxa5 Bxa4
34. Rxc8 Rxc8 1/2-1/2

[Event "Chess Festival 2008 - IM Tespo Engineer"]
[Site "Brno CZE"]
[Date "2008.06.28"]
[Round "2.4"]
[White "Ponizil, Cyril"]
[Black "Rutkowski, Maciej"]
[Result "1/2-1/2"]
[WhiteElo "2304"]
[BlackElo "2402"]
[PlyCount "56"]
[EventDate "2008.06.27"]
[EventType "tourn"]
[EventRounds "11"]
[EventCountry "CZE"]
[EventCategory "2"]
[Source "lmi"]
[SourceDate "2008.06.27"]

1. e4 c5 2. Nf3 Nc6 3. d4 cxd4 4. Nxd4 g6 5. c4 Bg7 6. Be3 d6 7. Nc3 Nf6 8. Be2
O-O 9. Qd2 Nxd4 10. Bxd4 Be6 11. O-O Qa5 12. Rad1 Rfc8 13. b3 a6 14. f4 Kh8 15.
f5 Bd7 16. Bxf6 Bxf6 17. Nd5 Qxd2 18. Rxd2 Bg5 19. Rd3 Bc6 20. Nb6 Bxe4 21. Rg3
Bf6 22. Nxa8 Bxf5 23. Bf3 Rxa8 24. Bxb7 Ra7 25. Bc6 Rc7 26. Bd5 e6 27. Ba8 Ra7
28. Bc6 Rc7 1/2-1/2

[Event "Chess Festival 2008 - IM Tespo Engineer"]
[Site "Brno CZE"]
[Date "2008.06.28"]
[Round "2.5"]
[White "Vymazal, Bronislav"]
[Black "Luch, Michal"]
[Result "1/2-1/2"]
[WhiteElo "2312"]
[BlackElo "2383"]
[PlyCount "22"]
[EventDate "2008.06.27"]
[EventType "tourn"]
[EventRounds "11"]
[EventCountry "CZE"]
[EventCategory "2"]
[Source "lmi"]
[SourceDate "2008.06.27"]

1. e4 c5 2. Nf3 d6 3. d4 cxd4 4. Nxd4 Nf6 5. Nc3 a6 6. Bg5 e6 7. f4 Qc7 8. Qf3
Nc6 9. Nxc6 bxc6 10. O-O-O Rb8 11. Bc4 Nd7 1/2-1/2

[Event "Chess Festival 2008 - IM Tespo Engineer"]
[Site "Brno CZE"]
[Date "2008.06.28"]
[Round "3.1"]
[White "Bartos, Jan"]
[Black "Popchev, Milko"]
[Result "0-1"]
[WhiteElo "2192"]
[BlackElo "2426"]
[PlyCount "110"]
[EventDate "2008.06.27"]
[EventType "tourn"]
[EventRounds "11"]
[EventCountry "CZE"]
[EventCategory "2"]
[Source "lmi"]
[SourceDate "2008.06.27"]

1. d4 d6 2. Nf3 Bg4 3. c4 Bxf3 4. exf3 e6 5. Nc3 Ne7 6. d5 e5 7. Bd3 Nd7 8. O-O
Ng6 9. Qa4 Be7 10. Bf5 Nh4 11. Bxd7+ Qxd7 12. Qxd7+ Kxd7 13. f4 exf4 14. Bxf4
f5 15. Rfe1 Bf6 16. Bd2 Ng6 17. b3 Ne5 18. Rad1 Rae8 19. Kf1 a6 20. Nb1 g5 21.
f4 gxf4 22. Bxf4 h5 23. h3 Rhg8 24. Re3 Bg5 25. Bxg5 Rxg5 26. Nc3 f4 27. Re2 f3
28. gxf3 Rf8 29. Ne4 Rgf5 30. Nd2 R8f7 31. Kg2 h4 32. Rf1 b5 33. Re4 Ng6 34.
Rfe1 Nf4+ 35. Kh2 Rg5 36. Rg1 Rxg1 37. Kxg1 Nxh3+ 38. Kh2 Nf4 39. Kh1 b4 40.
Nf1 Nd3 41. Rxh4 Rxf3 42. Rh7+ Kc8 43. Kg1 a5 44. Rh2 Kb7 45. Rd2 Kb6 46. Kg2
Ne1+ 47. Kg1 Rf7 48. Rd1 Nf3+ 49. Kg2 Ne5 50. Ng3 Ng4 51. Rd2 a4 52. Ne4 Ne3+
53. Kg1 Rf1+ 54. Kh2 Rf4 55. c5+ dxc5 0-1

[Event "Chess Festival 2008 - IM Tespo Engineer"]
[Site "Brno CZE"]
[Date "2008.06.28"]
[Round "3.2"]
[White "Luch, Michal"]
[Black "Bolt, Graham"]
[Result "1-0"]
[WhiteElo "2383"]
[BlackElo "2118"]
[PlyCount "67"]
[EventDate "2008.06.27"]
[EventType "tourn"]
[EventRounds "11"]
[EventCountry "CZE"]
[EventCategory "2"]
[Source "lmi"]
[SourceDate "2008.06.27"]

1. d4 Nf6 2. c4 g6 3. g3 Bg7 4. Bg2 d5 5. cxd5 Nxd5 6. e4 Nb6 7. Ne2 O-O 8. O-O
e5 9. d5 c6 10. Nbc3 Na6 11. b3 Re8 12. Be3 cxd5 13. exd5 Bd7 14. a4 Nb4 15. a5
Nc8 16. Qd2 Bf5 17. Ra4 Na6 18. d6 Qd7 19. g4 Be6 20. Ne4 Bxg4 21. N2c3 Be6 22.
b4 f5 23. b5 fxe4 24. bxa6 Nxd6 25. Bc5 Red8 26. Qxd6 Qxd6 27. Bxd6 Rxd6 28.
Nxe4 Rc6 29. Ng5 Rd6 30. Nxe6 Rxe6 31. Bd5 Kf7 32. Rb1 Rb8 33. Rab4 b6 34. axb6
1-0

[Event "Chess Festival 2008 - IM Tespo Engineer"]
[Site "Brno CZE"]
[Date "2008.06.28"]
[Round "3.3"]
[White "Rutkowski, Maciej"]
[Black "Vymazal, Bronislav"]
[Result "1/2-1/2"]
[WhiteElo "2402"]
[BlackElo "2312"]
[PlyCount "31"]
[EventDate "2008.06.27"]
[EventType "tourn"]
[EventRounds "11"]
[EventCountry "CZE"]
[EventCategory "2"]
[Source "lmi"]
[SourceDate "2008.06.27"]

1. e4 c5 2. Ne2 d6 3. g3 g6 4. Bg2 Bg7 5. d4 cxd4 6. Nxd4 Bd7 7. Nc3 Nf6 8.
Nde2 Qc8 9. h3 Nc6 10. Nf4 O-O 11. g4 e5 12. Nfe2 Nd4 13. Be3 Bc6 14. Nxd4 exd4
15. Bxd4 Nxe4 16. Bxe4 1/2-1/2

[Event "Chess Festival 2008 - IM Tespo Engineer"]
[Site "Brno CZE"]
[Date "2008.06.28"]
[Round "3.4"]
[White "Krejci, Jan"]
[Black "Ponizil, Cyril"]
[Result "1-0"]
[WhiteElo "2354"]
[BlackElo "2304"]
[PlyCount "87"]
[EventDate "2008.06.27"]
[EventType "tourn"]
[EventRounds "11"]
[EventCountry "CZE"]
[EventCategory "2"]
[Source "lmi"]
[SourceDate "2008.06.27"]

1. e4 c5 2. Nf3 e6 3. d4 cxd4 4. Nxd4 a6 5. Bd3 Nf6 6. O-O Qc7 7. Qe2 d6 8. c4
Nbd7 9. Nc3 Be7 10. f4 b6 11. Kh1 Bb7 12. Bd2 O-O 13. Rae1 Rfd8 14. Nf3 Bf8 15.
Bb1 Rac8 16. b3 e5 17. Nd5 Bxd5 18. exd5 Re8 19. fxe5 dxe5 20. Ng5 g6 21. Qf3
Bg7 22. Ne4 Rf8 23. Bb4 Nxe4 24. Bxf8 Rxf8 25. Qxe4 f5 26. Qh4 Qd6 27. Qg3 a5
28. h3 Nf6 29. Qxe5 Qxe5 30. Rxe5 Nh5 31. Rfe1 Bxe5 32. Rxe5 Kf7 33. Kg1 Nf4
34. Kf2 Kf6 35. Re1 b5 36. Kf3 g5 37. h4 bxc4 38. hxg5+ Kxg5 39. bxc4 Rb8 40.
d6 Ng6 41. c5 Rd8 42. Re6 Rb8 43. Rxg6+ hxg6 44. d7 1-0

[Event "Chess Festival 2008 - IM Tespo Engineer"]
[Site "Brno CZE"]
[Date "2008.06.28"]
[Round "3.5"]
[White "Daulyte, Deimante"]
[Black "Kuchynka, Lukas"]
[Result "1/2-1/2"]
[WhiteElo "2249"]
[BlackElo "2163"]
[PlyCount "58"]
[EventDate "2008.06.27"]
[EventType "tourn"]
[EventRounds "11"]
[EventCountry "CZE"]
[EventCategory "2"]
[Source "lmi"]
[SourceDate "2008.06.27"]

1. e4 e5 2. Nf3 Nc6 3. Bb5 a6 4. Ba4 Nf6 5. O-O Be7 6. Re1 b5 7. Bb3 d6 8. c3
O-O 9. h3 Na5 10. Bc2 d5 11. exd5 e4 12. Bxe4 Nxe4 13. Rxe4 Bb7 14. d3 Bxd5 15.
Re1 Qd6 16. Nbd2 f5 17. Nf1 f4 18. N1d2 c5 19. Ne4 Qg6 20. Nxc5 Bxc5 21. b4
Bxb4 22. cxb4 Nc6 23. Bb2 Nxb4 24. Re7 Rf7 25. Rxf7 Qxf7 26. Ne5 Qf5 27. a4 Re8
28. axb5 axb5 29. Qg4 Rxe5 1/2-1/2

[Event "Chess Festival 2008 - IM Tespo Engineer"]
[Site "Brno CZE"]
[Date "2008.06.29"]
[Round "4.1"]
[White "Popchev, Milko"]
[Black "Kulovana, Eva"]
[Result "1/2-1/2"]
[WhiteElo "2426"]
[BlackElo "2315"]
[PlyCount "35"]
[EventDate "2008.06.27"]
[EventType "tourn"]
[EventRounds "11"]
[EventCountry "CZE"]
[EventCategory "2"]
[Source "lmi"]
[SourceDate "2008.06.27"]

1. e4 c6 2. d4 d5 3. Nc3 dxe4 4. Nxe4 Bf5 5. Ng3 Bg6 6. Nf3 Nf6 7. Bc4 Nbd7 8.
O-O e6 9. Qe2 Be7 10. c3 Nd5 11. Bb3 O-O 12. c4 N5f6 13. Nh4 Qc7 14. Nxg6 hxg6
15. Bd2 Bd6 16. Rad1 Rfe8 17. Bc3 e5 18. dxe5 1/2-1/2

[Event "Chess Festival 2008 - IM Tespo Engineer"]
[Site "Brno CZE"]
[Date "2008.06.29"]
[Round "4.2"]
[White "Kuchynka, Lukas"]
[Black "Roubalik, Jakub"]
[Result "1/2-1/2"]
[WhiteElo "2163"]
[BlackElo "2175"]
[PlyCount "55"]
[EventDate "2008.06.27"]
[EventType "tourn"]
[EventRounds "11"]
[EventCountry "CZE"]
[EventCategory "2"]
[Source "lmi"]
[SourceDate "2008.06.27"]

1. e4 c5 2. Nf3 Nc6 3. d4 cxd4 4. Nxd4 Nf6 5. Nc3 e5 6. Ndb5 d6 7. Bg5 a6 8.
Na3 b5 9. Bxf6 gxf6 10. Nd5 f5 11. c3 Bg7 12. exf5 Bxf5 13. Nc2 O-O 14. Nce3
Be6 15. Bd3 f5 16. O-O Kh8 17. Qh5 e4 18. Bc2 Ne7 19. Rad1 Rc8 20. f3 Nxd5 21.
Nxd5 Bxd5 22. Rxd5 Qb6+ 23. Kh1 Qe3 24. f4 b4 25. Rxf5 bxc3 26. bxc3 Bxc3 27.
h3 Bg7 28. Bb3 1/2-1/2

[Event "Chess Festival 2008 - IM Tespo Engineer"]
[Site "Brno CZE"]
[Date "2008.06.29"]
[Round "4.3"]
[White "Ponizil, Cyril"]
[Black "Daulyte, Deimante"]
[Result "0-1"]
[WhiteElo "2304"]
[BlackElo "2249"]
[PlyCount "60"]
[EventDate "2008.06.27"]
[EventType "tourn"]
[EventRounds "11"]
[EventCountry "CZE"]
[EventCategory "2"]
[Source "lmi"]
[SourceDate "2008.06.27"]

1. e4 c5 2. Nf3 d6 3. d4 cxd4 4. Nxd4 Nf6 5. Nc3 g6 6. Be3 Bg7 7. f3 O-O 8. Qd2
Nc6 9. Bc4 Bd7 10. Bb3 Rc8 11. O-O-O Nxd4 12. Bxd4 b5 13. h4 a5 14. a4 bxa4 15.
Nxa4 Bxa4 16. Bxa4 Rc4 17. Bb3 Nxe4 18. Qe1 Rxd4 19. Rxd4 Bxd4 20. Qxe4 Qb6 21.
h5 a4 22. hxg6 axb3 23. g7 Be3+ 24. Kb1 Kxg7 25. Rxh7+ Kf6 26. f4 bxc2+ 27.
Qxc2 e6 28. f5 e5 29. g4 Rb8 30. Rh1 Qc6 0-1

[Event "Chess Festival 2008 - IM Tespo Engineer"]
[Site "Brno CZE"]
[Date "2008.06.29"]
[Round "4.4"]
[White "Vymazal, Bronislav"]
[Black "Krejci, Jan"]
[Result "0-1"]
[WhiteElo "2312"]
[BlackElo "2354"]
[PlyCount "110"]
[EventDate "2008.06.27"]
[EventType "tourn"]
[EventRounds "11"]
[EventCountry "CZE"]
[EventCategory "2"]
[Source "lmi"]
[SourceDate "2008.06.27"]

1. e4 e5 2. Nf3 Nc6 3. Bc4 Nf6 4. Ng5 d5 5. exd5 Na5 6. Bb5+ c6 7. dxc6 bxc6 8.
Be2 h6 9. Nh3 Be7 10. d3 O-O 11. Nc3 Rb8 12. O-O Rb4 13. Kh1 Bxh3 14. gxh3 Rh4
15. Rg1 Rxh3 16. Rg3 Rh4 17. Qg1 Ne8 18. b3 Bc5 19. Ne4 Nb7 20. Nxc5 Nxc5 21.
Bb2 Ne6 22. Re1 Nd4 23. Bd1 Qd5+ 24. Qg2 Qxg2+ 25. Kxg2 f6 26. Rg4 Nxc2 27.
Rxh4 Nxe1+ 28. Kf1 Nxd3 29. Ba3 c5 30. Be2 Nb4 31. Rc4 Nd6 32. Rxc5 Rb8 33. Ra5
Nf5 34. Bc4+ Kh8 35. Bxb4 Rxb4 36. Rxa7 Nd4 37. h3 Rb8 38. Ke1 f5 39. Kd2 g5
40. Bd5 h5 41. Ra8 Rxa8 42. Bxa8 Kg7 43. b4 Kf6 44. a4 Ke6 45. a5 Kd6 46. Bg2
Kc7 47. Kc3 f4 48. Kc4 f3 49. Bf1 Nc6 50. Kc5 e4 51. a6 e3 52. fxe3 g4 53. hxg4
hxg4 54. b5 Na7 55. b6+ Kb8 0-1

[Event "Chess Festival 2008 - IM Tespo Engineer"]
[Site "Brno CZE"]
[Date "2008.06.29"]
[Round "4.5"]
[White "Bolt, Graham"]
[Black "Rutkowski, Maciej"]
[Result "1/2-1/2"]
[WhiteElo "2118"]
[BlackElo "2402"]
[PlyCount "85"]
[EventDate "2008.06.27"]
[EventType "tourn"]
[EventRounds "11"]
[EventCountry "CZE"]
[EventCategory "2"]
[Source "lmi"]
[SourceDate "2008.06.27"]

1. e4 g6 2. d4 Bg7 3. Nc3 c6 4. Nf3 d6 5. h3 Nf6 6. Be3 Qc7 7. Qd2 Nbd7 8. Be2
O-O 9. g4 e5 10. dxe5 dxe5 11. Nh4 Nb6 12. O-O-O Be6 13. Qd6 Qxd6 14. Rxd6 Rfe8
15. g5 Nfd7 16. b3 Bf8 17. Rdd1 Nc5 18. Nf3 Bc8 19. Nd2 Ne6 20. Bg4 Nd4 21.
Bxc8 Raxc8 22. Kb2 Rcd8 23. Ncb1 Nd7 24. c3 Nc5 25. Nc4 Nf3 26. Nbd2 Nxd2 27.
Nxd2 Nd3+ 28. Kc2 Bc5 29. Bxc5 Nxc5 30. f3 Ne6 31. h4 b5 32. b4 Nf4 33. Nb3 Ng2
34. Rxd8 Rxd8 35. Na5 Ne3+ 36. Kb3 Rd6 37. Re1 Ng2 38. Rh1 Kg7 39. Nb7 Rd3 40.
Na5 Rd6 41. Nb7 Rd3 42. Na5 Rd6 43. Nb7 1/2-1/2

[Event "Chess Festival 2008 - IM Tespo Engineer"]
[Site "Brno CZE"]
[Date "2008.06.29"]
[Round "4.6"]
[White "Bartos, Jan"]
[Black "Luch, Michal"]
[Result "1/2-1/2"]
[WhiteElo "2192"]
[BlackElo "2383"]
[PlyCount "46"]
[EventDate "2008.06.27"]
[EventType "tourn"]
[EventRounds "11"]
[EventCountry "CZE"]
[EventCategory "2"]
[Source "lmi"]
[SourceDate "2008.06.27"]

1. d4 Nf6 2. Nf3 g6 3. c4 Bg7 4. Nc3 O-O 5. e4 d6 6. Be2 Nbd7 7. O-O e5 8. Re1
h6 9. Bf1 a5 10. dxe5 dxe5 11. Qc2 c6 12. b3 Re8 13. Na4 Bf8 14. c5 Qe7 15. h3
Nh5 16. g3 Nxc5 17. Nb6 Rb8 18. Ba3 Qf6 19. Bxc5 Qxf3 20. Bg2 Qf6 21. Bxf8 Rxf8
22. Qc5 Re8 23. Qxa5 Be6 1/2-1/2

[Event "Chess Festival 2008 - IM Tespo Engineer"]
[Site "Brno CZE"]
[Date "2008.06.30"]
[Round "5.2"]
[White "Rutkowski, Maciej"]
[Black "Bartos, Jan"]
[Result "1/2-1/2"]
[WhiteElo "2402"]
[BlackElo "2192"]
[PlyCount "23"]
[EventDate "2008.06.27"]
[EventType "tourn"]
[EventRounds "11"]
[EventCountry "CZE"]
[EventCategory "2"]
[Source "lmi"]
[SourceDate "2008.06.27"]

1. e4 e5 2. Nf3 Nf6 3. Nxe5 d6 4. Nf3 Nxe4 5. d4 d5 6. Bd3 Bd6 7. O-O O-O 8. c4
c6 9. Re1 Re8 10. Qc2 Na6 11. a3 Bg4 12. Ne5 1/2-1/2

[Event "Chess Festival 2008 - IM Tespo Engineer"]
[Site "Brno CZE"]
[Date "2008.06.30"]
[Round "5.3"]
[White "Krejci, Jan"]
[Black "Bolt, Graham"]
[Result "1-0"]
[WhiteElo "2354"]
[BlackElo "2118"]
[PlyCount "57"]
[EventDate "2008.06.27"]
[EventType "tourn"]
[EventRounds "11"]
[EventCountry "CZE"]
[EventCategory "2"]
[Source "lmi"]
[SourceDate "2008.06.27"]

1. e4 c5 2. Nf3 Nc6 3. d4 cxd4 4. Nxd4 Nf6 5. Nc3 e6 6. Nxc6 bxc6 7. e5 Nd5 8.
Ne4 Qa5+ 9. Bd2 Qc7 10. f4 Qb6 11. Bd3 Ba6 12. Bxa6 Qxa6 13. h3 f5 14. exf6
Nxf6 15. Nxf6+ gxf6 16. Qh5+ Ke7 17. Bb4+ Kd8 18. Ba5+ Ke7 19. O-O-O Rb8 20. a4
d5 21. Bc3 Bg7 22. Rhe1 Qc8 23. Rd3 Kd6 24. Rde3 Re8 25. Qxh7 Rb7 26. Qg6 Qd8
27. f5 e5 28. Bxe5+ Kc5 29. Bd4+ 1-0

[Event "Chess Festival 2008 - IM Tespo Engineer"]
[Site "Brno CZE"]
[Date "2008.06.30"]
[Round "5.4"]
[White "Daulyte, Deimante"]
[Black "Vymazal, Bronislav"]
[Result "0-1"]
[WhiteElo "2249"]
[BlackElo "2312"]
[PlyCount "120"]
[EventDate "2008.06.27"]
[EventType "tourn"]
[EventRounds "11"]
[EventCountry "CZE"]
[EventCategory "2"]
[Source "lmi"]
[SourceDate "2008.06.27"]

1. e4 c5 2. Nf3 d6 3. d4 cxd4 4. Nxd4 Nf6 5. Nc3 a6 6. Bg5 Nbd7 7. f4 e6 8. Qe2
Qc7 9. O-O-O Be7 10. g4 O-O 11. Bg2 Re8 12. Bh4 Nb6 13. e5 dxe5 14. fxe5 Nfd5
15. Nxd5 Nxd5 16. Bxe7 Rxe7 17. Rhf1 Bd7 18. Rf3 Be8 19. Qe4 f6 20. Nxe6 Rxe6
21. Qxd5 Qxe5 22. Qxe5 Rxe5 23. Rb3 Bc6 24. Bxc6 bxc6 25. Rc3 h5 26. h3 Rae8
27. Rxc6 Re3 28. Rd3 Rxd3 29. cxd3 Re3 30. Kd2 Rxh3 31. gxh5 Rxh5 32. Rxa6 Rf5
33. Re6 g5 34. b4 Kf7 35. Re1 Rf2+ 36. Re2 Rf1 37. Re1 Rf2+ 38. Re2 Rf1 39. d4
g4 40. d5 Rf5 41. d6 Rd5+ 42. Kc3 Rxd6 43. b5 f5 44. a4 g3 45. a5 f4 46. b6 f3
47. Re3 f2 48. Rf3+ Ke7 49. b7 Rd8 50. a6 g2 51. Re3+ Kf6 52. Rf3+ Ke6 53. a7
f1=Q 54. Re3+ Kf5 55. a8=Q Qc1+ 56. Kb4 Rd4+ 57. Kb5 Qc4+ 58. Kb6 Rd6+ 59. Ka5
Rd5+ 60. Kb6 Qc5+ 0-1